000 00477nam a2200169 i 4500
001 79011
003 ES-MaACL
005 20230906173858.0
007 t|
008 041019s1931 fr ||||1| fre d
100 1 _aHemardinquer, P.
_962484
245 1 3 _aLe cinematographe sonore /
_cpar P. Hemardinquer ; préface de M. Leon Gaumont.
260 _aParis :
_bS.J.L.J.C.,
_c1931.
300 _a236 p. ;
_c25 cm.
700 1 _aGaumont, Leon.
_956014
852 _aES-MaACL
_jA-224
999 _c79011
_d79011